The Last known residence of Mickey Acuna. (Record no. 6054)

MARC details
000 -LEADER
fixed length control field 00523cam a22001932 4500
001 - CONTROL NUMBER
control field 0000002851
005 - DATE AND TIME OF LATEST TRANSACTION
control field 20151217151906.0
008 - FIXED-LENGTH DATA ELEMENTS--GENERAL INFORMATION
fixed length control field 070420s xx 000 0 eng d
020 ## - INTERNATIONAL STANDARD BOOK NUMBER
International Standard Book Number 080213419X :
040 ## - CATALOGING SOURCE
Original cataloging agency KABU
Transcribing agency KABU
050 #0 - LIBRARY OF CONGRESS CALL NUMBER
Classification number PS3557
Item number .I43L37
100 1# - MAIN ENTRY--PERSONAL NAME
Personal name Gilb, Dagoberto.
-- 0000152354
245 14 - TITLE STATEMENT
Title The Last known residence of Mickey Acuna.
260 ## - PUBLICATION, DISTRIBUTION, ETC. (IMPRINT)
Place of publication, distribution, etc. New York :
Name of publisher, distributor, etc. Grove Press,
Date of publication, distribution, etc. 1994.
300 ## - PHYSICAL DESCRIPTION
Extent 218 p.
908 ## - PUT COMMAND PARAMETER (RLIN)
Put command parameter 070420
950 ## - LOCAL HOLDINGS (RLIN)
-- 1
Holdings
Withdrawn status Lost status Source of classification or shelving scheme Not for loan Home library Current library Date acquired Total Checkouts Full call number Barcode Date last seen Date last checked out Price effective from Koha item type
    Library of Congress Classification   Kabarak, Main Campus Kabarak, Main Campus 17/12/2015 4 PS3557 .I43L37 004552 19/01/2026 14/01/2026 17/12/2015 General Collection
Designed with assistance from East African Informatics Ltd